|
|
|
|
| LEADER |
02228nam a2200685 i 4500 |
| 001 |
nkc20203179346 |
| 003 |
CZ PrNK |
| 005 |
20200527143323.0 |
| 007 |
ta |
| 008 |
200305t20202020xr e 000 0 cze |
| 015 |
|
|
|a cnb003179346
|
| 020 |
|
|
|a 978-80-7336-999-6
|q (brožováno)
|
| 035 |
|
|
|a (OCoLC)1200248108
|
| 040 |
|
|
|a OLA001
|b cze
|d ABA001
|e rda
|
| 041 |
1 |
|
|a cze
|h eng
|
| 072 |
|
7 |
|a 2
|x Náboženství
|2 Konspekt
|9 5
|
| 080 |
|
|
|a 141.336
|2 MRF
|
| 080 |
|
|
|a 28-587-1/-9
|2 MRF
|
| 080 |
|
|
|a 2-584.5
|2 MRF
|
| 080 |
|
|
|a 2-58-472
|2 MRF
|
| 080 |
|
|
|a 17.02
|2 MRF
|
| 080 |
|
|
|a 2-664.3
|2 MRF
|
| 080 |
|
|
|a (0:82-32)
|2 MRF
|
| 080 |
|
|
|a (0:82-4)
|2 MRF
|
| 100 |
0 |
|
|a Ošó,
|d 1931-1990
|7 jn19981001926
|4 aut
|
| 240 |
1 |
0 |
|a Wisdom of the sands.
|l Česky
|
| 245 |
1 |
0 |
|a Moudrost písečných dun :
|b rozpravy o súfismu /
|c Osho ; překlad Daiana Krhutová
|
| 246 |
3 |
0 |
|a Rozpravy o súfismu
|
| 250 |
|
|
|a Vydání první
|
| 264 |
|
1 |
|a Olomouc :
|b Fontána,
|c [2020]
|
| 264 |
|
4 |
|c ©2020
|
| 300 |
|
|
|a 285 stran ;
|c 21 cm
|
| 336 |
|
|
|a text
|b txt
|2 rdacontent
|
| 337 |
|
|
|a bez média
|b n
|2 rdamedia
|
| 338 |
|
|
|a svazek
|b nc
|2 rdacarrier
|
| 500 |
|
|
|a Přeloženo z angličtiny
|
| 650 |
0 |
7 |
|a súfismus
|7 ph126404
|2 czenas
|
| 650 |
0 |
7 |
|a učení súfismu
|7 ph297079
|2 czenas
|
| 650 |
0 |
7 |
|a duchovní cesta
|7 ph119626
|2 czenas
|
| 650 |
0 |
7 |
|a duchovní vedení
|7 ph119638
|2 czenas
|
| 650 |
0 |
7 |
|a životní moudrost
|7 ph128026
|2 czenas
|
| 650 |
0 |
7 |
|a životní harmonie
|7 ph138147
|2 czenas
|
| 650 |
0 |
7 |
|a synkretismus (náboženství)
|7 ph138309
|2 czenas
|
| 650 |
0 |
9 |
|a Sufism
|2 eczenas
|
| 650 |
0 |
9 |
|a Sufi doctrine
|2 eczenas
|
| 650 |
0 |
9 |
|a spiritual path
|2 eczenas
|
| 650 |
0 |
9 |
|a spiritual leadership
|2 eczenas
|
| 650 |
0 |
9 |
|a life wisdom
|2 eczenas
|
| 650 |
0 |
9 |
|a harmony of life
|2 eczenas
|
| 650 |
0 |
9 |
|a syncretism (religion)
|2 eczenas
|
| 655 |
|
7 |
|a příběhy
|7 fd133204
|2 czenas
|
| 655 |
|
7 |
|a úvahy
|7 fd134000
|2 czenas
|
| 655 |
|
9 |
|a stories
|2 eczenas
|
| 655 |
|
9 |
|a essays
|2 eczenas
|
| 700 |
1 |
|
|a Krhutová, Daiana
|7 xx0044904
|4 trl
|
| 910 |
2 |
|
|a BOA001
|b 2-1445.345
|
| 990 |
|
|
|a BK
|
| 995 |
|
|
|a 01
|
| 991 |
|
|
|b 202003
|c NOV
|
| 996 |
6 |
|
|b 2610817269
|c 2-1445.345
|l MZK
|r Sklad / do 1 hodiny
|n 0
|p p.v.
|w 001785927
|u 000010
|a 1
|e BOA001
|j MZK50
|s P
|